| 000 | 00947nam a2200253Ia 4500 | ||
|---|---|---|---|
| 003 | OSt | ||
| 005 | 20221005105845.0 | ||
| 006 | a|||||r|||| 00| 0 | ||
| 007 | ta | ||
| 008 | 221004b |||||||| |||| 00| 0 hin d | ||
| 020 |
_a9788126026272 (hbk) _c1500 |
||
| 024 | _a93427 | ||
| 037 |
_b529, 19/03/2009, Vani Prakashan _cTextual |
||
| 040 |
_aCRL _cCRL _bhin |
||
| 041 |
_2hin _ahin |
||
| 082 | _aO152,1N08x, P8 | ||
| 100 | _aकुमार विमल, संपा. | ||
| 245 | 0 |
_aरामधारी सिंह दिनकर _b रचना - संचयन |
|
| 246 | _aRāmadhārī sianha dinakara: rachanā - sanchayana | ||
| 260 |
_aनई दिल्ली _bसाहित्य अकादमी भारत _c2008 |
||
| 300 |
_a559 पृ0 _ccm. |
||
| 942 |
_hO152,1N08x, P8 _cTEXL _2cc |
||
| 999 |
_c1017109 _d1017109 |
||